000
00306nam a22001337a 4500
008
171017b xxu||||| |||| 00| 0 eng d
020
_a
9780072415544
041
_a
eng
080
_2
5TH
_a
331.101.262
100
_a
52
101
_a
BNJ
245
_a
ORGANIZATIONAL BEHAVIOR
_c
KREITNER,R
942
_2
udc
_c
BK
999
_c
34325
_d
34325